| 000 | 00000nas 2200000zi 4500 |
| 001 | 9.922438 |
| 003 | CaOODSP |
| 005 | 20250509081921 |
| 006 | m o d f |
| 007 | cr cn||||||||| |
| 008 | 230509c20229999oncar p o f0###b0fre|d |
| 022 | |a2817-2086|y2817-3392|y2817-3384 |
| 040 | |aCaOODSP|bfre|erda|cCaOODSP |
| 043 | |an-cn--- |
| 086 | 1 |aM41-1/6F-PDF |
| 110 | 2 |aCommission géologique du Canada.|eauteur. |
| 222 | 0|aBilan de l'année |b(Commisison géologique du Canada. En ligne) |
| 245 | 10|aBilan de l'année / |cCommission géologique du Canada. |
| 246 | 3 |aCommisison géologique du Canada, bilan de l'année |
| 264 | 1|a[Ottawa] : |bRessources naturelles Canada = Natural Resources Canada, |c2023- |
| 310 | |aAnnuel |
| 336 | |atexte|btxt|2rdacontent/fre |
| 337 | |ainformatique|bc|2rdamedia/fre |
| 338 | |aressource en ligne|bcr|2rdacarrier/fre |
| 362 | 1 |aParaît depuis : 2021/2022. |
| 490 | 1 |aProduit d'information générale |
| 500 | |aPublié aussi en anglais sous le titre : Year in review. |
| 588 | |aDescription d'après : 2021/2022. |
| 588 | |aDernière livraison consultée : 2021/2022. |
| 610 | 26|aCommission géologique du Canada|vPériodiques. |
| 650 | 6|aRessources naturelles|zCanada|xGestion|vPériodiques. |
| 655 | 7|aPériodiques|2rvmgf |
| 710 | 1 |aCanada. |bRessources naturelles Canada, |eorganisme de publication. |
| 775 | 08|tYear in review / |w(CaOODSP)9.922437 |
| 780 | 00|tRapport sur les résultats et la livraison / |w(CaOODSP)9.910702 |
| 830 | #0|aProduit d'information générale (Canada. Ressources naturelles Canada)|w(CaOODSP)9.822756 |